[Event "21. Torneo San Viator 2013"]
[Site "Madrid ESP"]
[Date "2013.10.06"]
[Round "2.49"]
[White "Lianes Garcia, Marcos"]
[Black "Garcia-Ruiz Fuentes, Angel M"]
[Result "1/2-1/2"]
[WhiteElo "1775"]
[BlackElo "2042"]
[PlyCount "94"]
[EventDate "2013.09.29"]
[EventType "swiss"]
[EventRounds "9"]
[EventCountry "ESP"]
[SourceTitle "Ajedrez en Madrid"]
[Source "lmi"]
[SourceDate "2013.09.29"]
[SourceVersion "1"]
[SourceVersionDate "2013.12.25"]
[SourceQuality "1"]

1. d4 Nf6 2. c4 c5 3. d5 b5 4. cxb5 a6 5. b6 Qxb6 6. Nc3 d6 7. e4 g6 8. h3 Bg7
9. Nf3 O-O 10. Bd3 e6 11. O-O exd5 12. exd5 Bb7 13. Bc4 Nbd7 14. Rb1 Qb4 15.
Qd3 Rfe8 16. a3 Qb6 17. Be3 Qc7 18. Rfe1 Nb6 19. b3 Bc8 20. Nh4 Nfd7 21. Bf4
Ne5 22. Bxe5 Rxe5 23. Rxe5 Bxe5 24. Rd1 Qe7 25. Nf3 Bf5 26. Qd2 Bf6 27. Re1 Qd7
28. Ne4 Bxe4 29. Rxe4 Nxc4 30. Rxc4 Qb5 31. Qc2 Rb8 32. Nd2 Bg5 33. Ne4 Be7 34.
Nd2 Bf6 35. g3 Bd4 36. Kg2 Kg7 37. b4 a5 38. bxc5 dxc5 39. Nf3 Rd8 40. Nxd4
cxd4 41. Rxd4 Rxd5 42. Rxd5 Qxd5+ 43. Kg1 Qe5 44. a4 h5 45. h4 Qd4 46. Kg2 Kh7
47. Kg1 Kg7 1/2-1/2

[Event "21. Torneo San Viator 2013"]
[Site "Madrid ESP"]
[Date "2013.10.06"]
[Round "2.51"]
[White "Tevar Becerra, Alvaro"]
[Black "Guillo Sanchez-Galiano, Eduardo"]
[Result "1-0"]
[WhiteElo "1647"]
[BlackElo "1309"]
[PlyCount "87"]
[EventDate "2013.09.29"]
[EventType "swiss"]
[EventRounds "9"]
[EventCountry "ESP"]
[SourceTitle "Ajedrez en Madrid"]
[Source "lmi"]
[SourceDate "2013.09.29"]
[SourceVersion "1"]
[SourceVersionDate "2013.12.25"]
[SourceQuality "1"]

1. e4 e5 2. Nf3 Nc6 3. Bb5 Nf6 4. O-O a6 5. Bxc6 dxc6 6. Nxe5 Nxe4 7. Re1 Qd4
8. Qf3 Qxf2+ 9. Qxf2 Nxf2 10. Kxf2 Bc5+ 11. Kf1 O-O 12. Nf3 Ba7 13. d4 c5 14.
d5 b5 15. Bf4 Bb6 16. Nbd2 Bb7 17. Re7 Rac8 18. d6 f6 19. dxc7 Rf7 20. Rae1 g5
21. Bd6 g4 22. Nh4 Ba5 23. c3 b4 24. Re8+ Kg7 25. Nf5+ Kg6 26. Ne7+ Kh5 27.
Nxc8 Bxc7 28. Bxc7 Rxc7 29. Nd6 Bc6 30. R8e7 Rxe7 31. Rxe7 bxc3 32. bxc3 Kg6
33. Rc7 Bd5 34. c4 Ba8 35. Rc8 Bxg2+ 36. Kxg2 Kh5 37. Rxc5+ Kg6 38. Ra5 f5 39.
Nxf5 Kg5 40. Kg3 h5 41. Ne4+ Kg6 42. Nh4+ Kg7 43. Rxa6 Kf7 44. Nf5 1-0

[Event "21. Torneo San Viator 2013"]
[Site "Madrid ESP"]
[Date "2013.10.06"]
[Round "2.54"]
[White "Estirado De Cabo, Cesar"]
[Black "Herreros Lucas, Jose Luis"]
[Result "0-1"]
[WhiteElo "1511"]
[BlackElo "1501"]
[PlyCount "80"]
[EventDate "2013.09.29"]
[EventType "swiss"]
[EventRounds "9"]
[EventCountry "ESP"]
[SourceTitle "Ajedrez en Madrid"]
[Source "lmi"]
[SourceDate "2013.09.29"]
[SourceVersion "1"]
[SourceVersionDate "2013.12.25"]
[SourceQuality "1"]

1. d4 d5 2. c4 e6 3. Nc3 Nf6 4. Bg5 Nbd7 5. e3 h6 6. Bh4 c6 7. a3 Qb6 8. Qc2
Be7 9. Nf3 O-O 10. Bd3 Re8 11. O-O dxc4 12. Bxc4 Nd5 13. Bxe7 Rxe7 14. Rad1
N7f6 15. Ba2 Bd7 16. Bb1 Nxc3 17. Qxc3 Rc8 18. Rc1 Be8 19. Rce1 Rec7 20. b4 Ra8
21. e4 a5 22. e5 Nd5 23. Qd3 g6 24. Qd2 axb4 25. axb4 Qxb4 26. Qxh6 Qf8 27. Qh3
Ra3 28. Re4 Qg7 29. Qh4 b5 30. Ng5 Rc3 31. Rfe1 c5 32. h3 cxd4 33. Rxd4 Rc1 34.
Red1 Rxd1+ 35. Rxd1 Qxe5 36. Qh7+ Kf8 37. Qh6+ Qg7 38. Qh4 Rc4 39. Qg3 Nc3 40.
Rd8 Ne2+ 0-1

[Event "21. Torneo San Viator 2013"]
[Site "Madrid ESP"]
[Date "2013.10.12"]
[Round "3.1"]
[White "Renteria, Jorge"]
[Black "Yeves Miquel, Enrique"]
[Result "1-0"]
[WhiteElo "2323"]
[BlackElo "1713"]
[PlyCount "47"]
[EventDate "2013.09.29"]
[EventType "swiss"]
[EventRounds "9"]
[EventCountry "ESP"]
[SourceTitle "Ajedrez en Madrid"]
[Source "lmi"]
[SourceDate "2013.09.29"]
[SourceVersion "1"]
[SourceVersionDate "2013.12.25"]
[SourceQuality "1"]

1. e4 c5 2. Nf3 e6 3. d4 cxd4 4. Nxd4 a6 5. Bd3 Bc5 6. Nb3 Be7 7. f4 d6 8. Nc3
Nd7 9. Qe2 b5 10. Bd2 Bb7 11. O-O Ngf6 12. e5 Nd5 13. exd6 Bxd6 14. Ne4 Qb6+
15. Kh1 Be7 16. Na5 O-O 17. c4 Nb4 18. Bxb4 Bxb4 19. Nxb7 Qxb7 20. cxb5 a5 21.
a4 Rac8 22. Rad1 h6 23. Bb1 Nc5 24. Nd6 1-0

[Event "21. Torneo San Viator 2013"]
[Site "Madrid ESP"]
[Date "2013.10.12"]
[Round "3.2"]
[White "Benitez Cadenas, Luis Miguel"]
[Black "Iturbide Arnedo, Oscar"]
[Result "0-1"]
[WhiteElo "1702"]
[BlackElo "2159"]
[PlyCount "78"]
[EventDate "2013.09.29"]
[EventType "swiss"]
[EventRounds "9"]
[EventCountry "ESP"]
[SourceTitle "Ajedrez en Madrid"]
[Source "lmi"]
[SourceDate "2013.09.29"]
[SourceVersion "1"]
[SourceVersionDate "2013.12.25"]
[SourceQuality "1"]

1. d4 g6 2. Nf3 Bg7 3. Bf4 d6 4. e4 c5 5. c3 cxd4 6. cxd4 Nc6 7. Be3 Nf6 8. Nc3
O-O 9. h3 Nd7 10. Qd2 a6 11. a3 Na5 12. Rd1 b5 13. Nd5 Bb7 14. b4 Bxd5 15. exd5
Nc4 16. Bxc4 bxc4 17. O-O Nb6 18. Rc1 Rc8 19. Rc2 Nxd5 20. Rfc1 Nxe3 21. fxe3
d5 22. Re1 Qd7 23. e4 e6 24. exd5 Qxd5 25. Qe3 Rfd8 26. Qf4 Bxd4+ 27. Kh1 Qf5
28. Qc1 Qb5 29. Re4 Bg7 30. Rexc4 Rxc4 31. Rxc4 Qd5 32. Rc6 a5 33. Qc4 Qxc4 34.
Rxc4 axb4 35. Rxb4 Bf8 36. Ra4 Rd3 37. Ra7 Rxa3 38. Rc7 Ra1+ 39. Kh2 Bd6+ 0-1

[Event "21. Torneo San Viator 2013"]
[Site "Madrid ESP"]
[Date "2013.10.12"]
[Round "3.3"]
[White "Perez Calahorra, Ricardo"]
[Black "Bustos Bernardo, Samuel"]
[Result "1-0"]
[WhiteElo "2126"]
[BlackElo "1686"]
[PlyCount "71"]
[EventDate "2013.09.29"]
[EventType "swiss"]
[EventRounds "9"]
[EventCountry "ESP"]
[SourceTitle "Ajedrez en Madrid"]
[Source "lmi"]
[SourceDate "2013.09.29"]
[SourceVersion "1"]
[SourceVersionDate "2013.12.25"]
[SourceQuality "1"]

1. e4 c6 2. d4 d5 3. Nd2 dxe4 4. Nxe4 Bf5 5. Ng3 Bg6 6. Bc4 Nf6 7. N1e2 Nbd7 8.
O-O e6 9. f4 Be7 10. f5 exf5 11. Nxf5 Bxf5 12. Rxf5 O-O 13. Qd3 Nb6 14. Bb3 Qd7
15. c4 Rad8 16. Bg5 h6 17. Bc2 Rfe8 18. Bh4 Ne4 19. Rf4 f5 20. Bxe7 Rxe7 21.
Raf1 Rf8 22. b4 Kh8 23. Nc3 g5 24. R4f3 Nxc3 25. Qxc3 f4 26. d5+ Kg8 27. d6 Re6
28. Rd1 Rff6 29. Rfd3 Kf8 30. a4 Nc8 31. c5 Ke8 32. Bb3 Kd8 33. Bxe6 Qxe6 34.
d7 Ne7 35. Rd6 Qe2 36. Qxf6 1-0

[Event "21. Torneo San Viator 2013"]
[Site "Madrid ESP"]
[Date "2013.10.12"]
[Round "3.4"]
[White "Sorribes Calle, Pablo"]
[Black "Gil Sierra, Jacinto"]
[Result "0-1"]
[WhiteElo "1682"]
[BlackElo "2041"]
[PlyCount "90"]
[EventDate "2013.09.29"]
[EventType "swiss"]
[EventRounds "9"]
[EventCountry "ESP"]
[SourceTitle "Ajedrez en Madrid"]
[Source "lmi"]
[SourceDate "2013.09.29"]
[SourceVersion "1"]
[SourceVersionDate "2013.12.25"]
[SourceQuality "1"]

1. d4 e6 2. c4 f5 3. g3 Nf6 4. Bg2 Bb4+ 5. Bd2 Bxd2+ 6. Nxd2 Nc6 7. e3 O-O 8.
Ne2 d6 9. O-O Bd7 10. a3 e5 11. d5 Ne7 12. b4 Rc8 13. f4 Ng4 14. Qb3 Qe8 15. h3
Nf6 16. c5 e4 17. c6 bxc6 18. dxc6+ d5 19. cxd7 Qxd7 20. Rfc1 Qb5 21. Bf1 Qb6
22. Rc5 Rb8 23. Rac1 Rfc8 24. Nd4 Nd7 25. R5c3 Qg6 26. Kf2 c5 27. Ne2 Kf8 28.
Qa2 c4 29. Rb1 Rb6 30. b5 Nc5 31. a4 Nd3+ 32. Kg2 Qh5 33. a5 Rh6 34. Kh2 Nf2
35. Ng1 Ng6 36. b6 Ng4+ 37. Kg2 axb6 38. axb6 Nh4+ 39. gxh4 Qxh4 40. Ndf3 exf3+
41. Kxf3 Nf6 42. Ke2 Ne4 43. Qa3+ Kg8 44. Rc2 Qf2+ 45. Kd1 Qxf1# 0-1

[Event "21. Torneo San Viator 2013"]
[Site "Madrid ESP"]
[Date "2013.10.12"]
[Round "3.5"]
[White "Gonzalez Mateos, Rafael"]
[Black "Dorado Reboredo, Jose Maria"]
[Result "1-0"]
[WhiteElo "2006"]
[BlackElo "1678"]
[PlyCount "111"]
[EventDate "2013.09.29"]
[EventType "swiss"]
[EventRounds "9"]
[EventCountry "ESP"]
[SourceTitle "Ajedrez en Madrid"]
[Source "lmi"]
[SourceDate "2013.09.29"]
[SourceVersion "1"]
[SourceVersionDate "2013.12.25"]
[SourceQuality "1"]

1. d4 d5 2. c3 Nf6 3. Bg5 Ne4 4. Bf4 c6 5. Nf3 Qb6 6. Qb3 Bf5 7. h3 Qxb3 8.
axb3 Nd7 9. e3 e6 10. b4 Be7 11. Nbd2 Ndf6 12. Nb3 Bd8 13. b5 Bb6 14. bxc6 bxc6
15. Ba6 c5 16. Bb7 Rd8 17. dxc5 Nxc5 18. Nxc5 Bxc5 19. Bc7 O-O 20. Bxd8 Rxd8
21. Ba6 Be4 22. Be2 Rb8 23. b4 Bb6 24. O-O Rc8 25. Rfc1 Nd7 26. c4 dxc4 27.
Rxc4 Rxc4 28. Bxc4 Bxf3 29. gxf3 Ne5 30. Be2 Kf8 31. Rc1 Ke7 32. f4 Nd7 33. Rc8
Nf6 34. Rb8 Nd5 35. b5 Nc3 36. Bd3 g6 37. Kg2 Kf6 38. Kf3 Na4 39. e4 Nb2 40.
Be2 Na4 41. Bc4 Nb2 42. Be2 Na4 43. Rc8 Nc5 44. Rc6 Nb3 45. e5+ Ke7 46. Ke4 Nd4
47. Rxb6 Nxe2 48. Rb7+ Kf8 49. Ke3 Nc3 50. Kd4 Nd5 51. Rxa7 Kg7 52. Kc5 Nxf4
53. b6 Nd3+ 54. Kd6 Nb2 55. b7 Nc4+ 56. Kc7 1-0

[Event "21. Torneo San Viator 2013"]
[Site "Madrid ESP"]
[Date "2013.10.12"]
[Round "3.6"]
[White "Rendo Quindos, Pedro"]
[Black "Nunez Miranda, Adrian"]
[Result "0-1"]
[WhiteElo "1607"]
[BlackElo "2006"]
[PlyCount "48"]
[EventDate "2013.09.29"]
[EventType "swiss"]
[EventRounds "9"]
[EventCountry "ESP"]
[SourceTitle "Ajedrez en Madrid"]
[Source "lmi"]
[SourceDate "2013.09.29"]
[SourceVersion "1"]
[SourceVersionDate "2013.12.25"]
[SourceQuality "1"]

1. e4 d6 2. Nf3 Nf6 3. Nc3 e5 4. Be2 Be7 5. O-O c6 6. Re1 b5 7. a3 O-O 8. d3 h6
9. h3 Nh7 10. Be3 f5 11. exf5 Bxf5 12. Nh2 d5 13. Bd2 Qb6 14. Bf3 Nd7 15. Ng4
Bh4 16. Qe2 Rae8 17. Qf1 h5 18. Nh2 Bg6 19. Na2 Ndf6 20. Be3 d4 21. Bd2 e4 22.
dxe4 Nxe4 23. Qd3 Bxf2+ 24. Kh1 Ng3# 0-1

[Event "21. Torneo San Viator 2013"]
[Site "Madrid ESP"]
[Date "2013.10.12"]
[Round "3.7"]
[White "Valdes Sanchez, Jesus Manuel"]
[Black "Garcia Martin, Esteban"]
[Result "0-1"]
[WhiteElo "1567"]
[BlackElo "1892"]
[PlyCount "142"]
[EventDate "2013.09.29"]
[EventType "swiss"]
[EventRounds "9"]
[EventCountry "ESP"]
[SourceTitle "Ajedrez en Madrid"]
[Source "lmi"]
[SourceDate "2013.09.29"]
[SourceVersion "1"]
[SourceVersionDate "2013.12.25"]
[SourceQuality "1"]

1. a3 g6 2. d4 Bg7 3. g3 Nf6 4. Bg2 O-O 5. Nf3 d6 6. e3 c5 7. dxc5 dxc5 8. Qxd8
Rxd8 9. Nc3 Nc6 10. O-O Bf5 11. Ne1 Rac8 12. e4 Be6 13. Nd3 b6 14. Ne2 Nd4 15.
Nxd4 cxd4 16. e5 Ng4 17. f4 Rxc2 18. Nb4 Rc5 19. Rd1 Bb3 20. Rd3 Bc4 21. Rd1
Be2 22. Rd2 d3 23. Nc6 Rd7 24. b4 Rc2 25. h3 Ne3 26. b5 Nc4 27. Rxc2 dxc2 28.
Bd5 Na5 29. e6 Rxd5 30. Nxe7+ Kf8 31. Nxd5 Bxa1 32. e7+ Ke8 33. f5 Bc4 34. Ne3
Kxe7 35. Nxc2 Be5 36. fxg6 hxg6 37. Kf2 Bxb5 38. Nb4 Nc4 39. Na2 Bb2 40. Bxb2
Nxb2 41. Nc3 Bc6 42. Ke3 Nc4+ 43. Kd3 Nxa3 44. Kd2 Nc4+ 45. Ke2 a5 46. Kd3 Ne5+
47. Ke3 a4 48. Kd4 Kd6 49. Na2 Nf3+ 50. Kc3 Kc5 51. Nb4 b5 52. Nd3+ Kd6 53. Kb4
Ne5 54. Ne1 Nc4 55. Nc2 a3 56. g4 a2 57. h4 Ne3 58. Na1 Nxg4 59. Nb3 Bd5 60.
Na1 Bc4 61. Nc2 f5 62. Ka3 f4 63. Kb2 f3 64. h5 gxh5 65. Nd4 f2 66. Nf5+ Kc5
67. Ng3 h4 68. Ne4+ Kd4 69. Nxf2 Nxf2 70. Ka1 h3 71. Kb2 h2 0-1

[Event "21. Torneo San Viator 2013"]
[Site "Madrid ESP"]
[Date "2013.10.12"]
[Round "3.8"]
[White "Soto Martin, Pablo"]
[Black "Gil Calvente, Jose Antonio"]
[Result "1-0"]
[WhiteElo "1740"]
[BlackElo "1661"]
[PlyCount "77"]
[EventDate "2013.09.29"]
[EventType "swiss"]
[EventRounds "9"]
[EventCountry "ESP"]
[SourceTitle "Ajedrez en Madrid"]
[Source "lmi"]
[SourceDate "2013.09.29"]
[SourceVersion "1"]
[SourceVersionDate "2013.12.25"]
[SourceQuality "1"]

1. e4 e5 2. Nf3 Nc6 3. Bc4 Nf6 4. d3 Bc5 5. c3 d6 6. Bb3 O-O 7. Bg5 h6 8. Bh4
Qe7 9. O-O Bg4 10. Nbd2 Bb6 11. Re1 Na5 12. Bc2 c5 13. Nf1 Qe6 14. Ne3 Bh5 15.
Nf5 Bg4 16. Ne3 Bh5 17. h3 Bg6 18. Nd2 Rac8 19. Qf3 Bh5 20. g4 Bg6 21. Ndf1 c4
22. Bxf6 Bxe3 23. Nxe3 Qxf6 24. Qxf6 gxf6 25. Nd5 Kg7 26. Re3 Rfe8 27. Ba4 Red8
28. b4 cxb3 29. axb3 f5 30. gxf5 Bh5 31. Rg3+ Kf8 32. b4 Nc6 33. Nf6 Be2 34.
Re3 Kg7 35. Nd5 Bh5 36. Rg3+ Kf8 37. Nf6 Be2 38. Re1 Ne7 39. Nh7# 1-0

[Event "21. Torneo San Viator 2013"]
[Site "Madrid ESP"]
[Date "2013.10.12"]
[Round "3.9"]
[White "Moreno Zamora, Gregorio"]
[Black "Vallejo Nuno, Jorge"]
[Result "0-1"]
[WhiteElo "1704"]
[BlackElo "2068"]
[PlyCount "67"]
[EventDate "2013.09.29"]
[EventType "swiss"]
[EventRounds "9"]
[EventCountry "ESP"]
[SourceTitle "Ajedrez en Madrid"]
[Source "lmi"]
[SourceDate "2013.09.29"]
[SourceVersion "1"]
[SourceVersionDate "2013.12.25"]
[SourceQuality "1"]

1. d4 e5 2. dxe5 Nc6 3. Nf3 Nge7 4. Nc3 h6 5. e4 Ng6 6. e6 fxe6 7. Be3 Bb4 8.
Bc4 Bxc3+ 9. bxc3 O-O 10. Qe2 Nf4 11. Bxf4 Rxf4 12. Qe3 Rf8 13. Nd4 Ne5 14. Be2
Qe7 15. O-O c5 16. Nb3 b6 17. f4 Nf7 18. e5 d5 19. exd6 Nxd6 20. Bf3 Rb8 21. g3
Qf6 22. Nd2 Nf5 23. Qe5 Qxe5 24. fxe5 Ne3 25. Rf2 Rf5 26. Re2 Nxc2 27. Rc1 Ba6
28. Bg4 Bxe2 29. Bxf5 exf5 30. Rxc2 Re8 31. Nb3 Rxe5 32. Kf2 Bb5 33. Nc1 Kf7
34. Ne2 0-1

[Event "21. Torneo San Viator 2013"]
[Site "Madrid ESP"]
[Date "2013.10.12"]
[Round "3.11"]
[White "Martin Garcia, Francisco Javie"]
[Black "Tirado Parra, Alberto"]
[Result "0-1"]
[WhiteElo "1676"]
[BlackElo "1937"]
[PlyCount "114"]
[EventDate "2013.09.29"]
[EventType "swiss"]
[EventRounds "9"]
[EventCountry "ESP"]
[SourceTitle "Ajedrez en Madrid"]
[Source "lmi"]
[SourceDate "2013.09.29"]
[SourceVersion "1"]
[SourceVersionDate "2013.12.25"]
[SourceQuality "1"]

1. d4 d5 2. Nf3 Nf6 3. g3 c6 4. Bg2 Bg4 5. Ne5 Bf5 6. O-O e6 7. c4 Nbd7 8. Bf4
Be7 9. Nc3 O-O 10. Re1 h6 11. e4 dxe4 12. Nxe4 Nxe4 13. Bxe4 Bxe4 14. Rxe4 Nf6
15. Re1 Qb6 16. Qb3 Qxd4 17. Rad1 Qb6 18. Nd7 Qxb3 19. axb3 Rfd8 20. Nxf6+ Bxf6
21. Be3 b6 22. c5 Rd5 23. cxb6 axb6 24. Bxb6 Rb8 25. Be3 Rxb3 26. Rc1 Rxb2 27.
Rxc6 Bd4 28. Bxd4 Rxd4 29. Rc3 g5 30. Rc7 Rdd2 31. Rf1 e5 32. Rc4 Re2 33. h4
Kg7 34. hxg5 hxg5 35. Rc3 Kf6 36. Ra3 e4 37. Ra6+ Kf5 38. Ra3 Kg4 39. Ra4 f5
40. Rc4 Ra2 41. Rb4 Rad2 42. Rc4 Rb2 43. Ra4 Rbd2 44. Rc4 Kf3 45. Rc5 Kg4 46.
Rc4 f4 47. gxf4 gxf4 48. Rc8 Kf3 49. Rc3+ Rd3 50. Rc8 Red2 51. Rcc1 Rd5 52.
Rc3+ R2d3 53. Rc2 Rg5+ 54. Kh2 Rh5+ 55. Kg1 Rdd5 56. Rc3+ Ke2 57. Rc2+ Kd3 0-1

[Event "21. Torneo San Viator 2013"]
[Site "Madrid ESP"]
[Date "2013.10.12"]
[Round "3.13"]
[White "Crespo Villalba, Israel"]
[Black "Alonso Vara, Laura"]
[Result "1-0"]
[WhiteElo "1886"]
[BlackElo "1573"]
[PlyCount "55"]
[EventDate "2013.09.29"]
[EventType "swiss"]
[EventRounds "9"]
[EventCountry "ESP"]
[SourceTitle "Ajedrez en Madrid"]
[Source "lmi"]
[SourceDate "2013.09.29"]
[SourceVersion "1"]
[SourceVersionDate "2013.12.25"]
[SourceQuality "1"]

1. e4 c5 2. Nf3 d6 3. d4 cxd4 4. Nxd4 Nf6 5. Nc3 a6 6. a4 Nc6 7. Be2 Nxd4 8.
Qxd4 e5 9. Qd1 Be6 10. O-O Be7 11. Be3 O-O 12. a5 d5 13. exd5 Nxd5 14. Nxd5
Qxd5 15. Qxd5 Bxd5 16. c4 Bc6 17. Rfd1 Rfd8 18. Bb6 Re8 19. Bg4 Bd8 20. Bc5 Be7
21. Bd6 Bxd6 22. Rxd6 g6 23. Rad1 f5 24. Be2 Kf7 25. b4 Re6 26. b5 axb5 27.
cxb5 Be8 28. Bc4 1-0

[Event "21. Torneo San Viator 2013"]
[Site "Madrid ESP"]
[Date "2013.10.12"]
[Round "3.14"]
[White "Zhynguel Ramirez De Verger, Al"]
[Black "Cortijo Manso, Luis"]
[Result "1-0"]
[WhiteElo "1877"]
[BlackElo "1535"]
[PlyCount "73"]
[EventDate "2013.09.29"]
[EventType "swiss"]
[EventRounds "9"]
[EventCountry "ESP"]
[SourceTitle "Ajedrez en Madrid"]
[Source "lmi"]
[SourceDate "2013.09.29"]
[SourceVersion "1"]
[SourceVersionDate "2013.12.25"]
[SourceQuality "1"]

1. d4 d5 2. c4 c6 3. Nf3 Nf6 4. e3 Bf5 5. Nc3 a6 6. Qb3 Bc8 7. Bd3 dxc4 8. Bxc4
e6 9. e4 b5 10. Bd3 Bb7 11. Qd1 Be7 12. O-O Nbd7 13. Qe2 c5 14. Rd1 cxd4 15.
Nxd4 e5 16. Nf5 O-O 17. Nxe7+ Qxe7 18. Bc2 Rfd8 19. Bg5 h6 20. Bh4 g5 21. Bg3
Nc5 22. Nd5 Nxd5 23. exd5 f6 24. Qh5 Qg7 25. b4 Na4 26. Bb3 Kh8 27. Rac1 Nb6
28. Rc5 Rac8 29. d6 Bc6 30. Rdc1 Rxd6 31. Rxc6 Rdd8 32. Rxc8 Nxc8 33. h4 Ne7
34. hxg5 Qxg5 35. Qxg5 hxg5 36. Rd1 Rc8 37. Rd6 1-0

[Event "21. Torneo San Viator 2013"]
[Site "Madrid ESP"]
[Date "2013.10.12"]
[Round "3.15"]
[White "Vicente Minarro, Pedro"]
[Black "Garcia Martin, Juan Manuel"]
[Result "0-1"]
[WhiteElo "1556"]
[BlackElo "1797"]
[PlyCount "51"]
[EventDate "2013.09.29"]
[EventType "swiss"]
[EventRounds "9"]
[EventCountry "ESP"]
[SourceTitle "Ajedrez en Madrid"]
[Source "lmi"]
[SourceDate "2013.09.29"]
[SourceVersion "1"]
[SourceVersionDate "2013.12.25"]
[SourceQuality "1"]

1. d4 Nf6 2. c4 e5 3. dxe5 Ng4 4. Nf3 Bc5 5. e3 Nc6 6. Bd3 Qe7 7. Nbd2 Bxe3 8.
fxe3 Nxe3 9. Qe2 Nxe5 10. Nxe5 Qxe5 11. Nf3 Nxg2+ 12. Kf2 Qxe2+ 13. Kxe2 g5 14.
Nxg5 d6 15. Rf1 Be6 16. b3 h6 17. Nxe6 fxe6 18. Bg6+ Kd7 19. Rf7+ Kd8 20. Bd2
Rg8 21. Bh7 Re8 22. Bxh6 e5 23. Rf8 Nf4+ 24. Kd1 Rxf8 25. Bxf8 Kd7 26. Bg7 0-1

[Event "21. Torneo San Viator 2013"]
[Site "Madrid ESP"]
[Date "2013.10.12"]
[Round "3.17"]
[White "Castro Uceda, Jose Antonio"]
[Black "Cabanas Bravo, Juan Andres"]
[Result "0-1"]
[WhiteElo "1625"]
[BlackElo "2089"]
[PlyCount "138"]
[EventDate "2013.09.29"]
[EventType "swiss"]
[EventRounds "9"]
[EventCountry "ESP"]
[SourceTitle "Ajedrez en Madrid"]
[Source "lmi"]
[SourceDate "2013.09.29"]
[SourceVersion "1"]
[SourceVersionDate "2013.12.25"]
[SourceQuality "1"]

1. d4 Nf6 2. c4 g6 3. Nc3 d5 4. cxd5 Nxd5 5. Nxd5 Qxd5 6. Nf3 Bg7 7. e3 O-O 8.
Be2 c5 9. dxc5 Qxc5 10. O-O Qb6 11. Qb3 Qxb3 12. axb3 Nc6 13. Nd2 Rd8 14. Ne4
Bf5 15. Nc3 Bc2 16. Bc4 a6 17. Bd5 Bxc3 18. Bxc6 Bd3 19. Bxb7 Ra7 20. Rd1 Rxb7
21. bxc3 Rxb3 22. Rxa6 Rxc3 23. Ra1 f6 24. h3 e5 25. e4 Rdc8 26. f3 Bc2 27. Rd7
Bxe4 28. Raa7 Rxc1+ 29. Kh2 Bc6 30. Rg7+ Kf8 31. Rgf7+ Ke8 32. Rxh7 Kd8 33.
Rag7 Be8 34. Rh8 R8c6 35. Rxg6 R1c5 36. Rgg8 Re6 37. h4 f5 38. Rh5 f4 39. Rhg5
Rc7 40. Rh5 Ke7 41. Rh7+ Bf7 42. Rgg7 Kf8 43. Rg5 Rc5 44. h5 Rf6 45. Rh8+ Ke7
46. h6 Be6 47. Rh5 Bf7 48. Rh4 Rcc6 49. g4 Rc2+ 50. Kh3 Rc1 51. g5 Be6+ 52. Kg2
Rg6 53. Rh5 Rc2+ 54. Kg1 Bd5 55. h7 Rb6 56. Re8+ Kd7 57. Rd8+ Ke7 58. Re8+ Kd7
59. Rd8+ Kc7 60. Rc8+ Kxc8 61. h8=Q+ Kb7 62. Qh7+ Rc7 63. Kf2 Rb2+ 64. Ke1 Rxh7
65. Rxh7+ Kc6 66. g6 Rg2 67. g7 Bg8 68. Rh5 Bd5 69. Kf1 Rxg7 0-1

[Event "21. Torneo San Viator 2013"]
[Site "Madrid ESP"]
[Date "2013.10.12"]
[Round "3.18"]
[White "Madurga Lopez, Ignacio"]
[Black "Tevar Becerra, Alvaro"]
[Result "1-0"]
[WhiteElo "2074"]
[BlackElo "1647"]
[PlyCount "79"]
[EventDate "2013.09.29"]
[EventType "swiss"]
[EventRounds "9"]
[EventCountry "ESP"]
[SourceTitle "Ajedrez en Madrid"]
[Source "lmi"]
[SourceDate "2013.09.29"]
[SourceVersion "1"]
[SourceVersionDate "2013.12.25"]
[SourceQuality "1"]

1. e4 e5 2. Bc4 Nf6 3. d4 exd4 4. Nf3 Qe7 5. O-O d6 6. Re1 Be6 7. Bxe6 fxe6 8.
Qxd4 Nc6 9. Qa4 O-O-O 10. b4 d5 11. Ba3 Nxe4 12. b5 Qf6 13. bxc6 Qxa1 14. Qb3
bxc6 15. Bb2 Nc5 16. Bxa1 Nxb3 17. axb3 Re8 18. Ne5 Kb7 19. Nf7 Rg8 20. Ng5 e5
21. Bxe5 Bd6 22. f4 Rgf8 23. Nf3 Rf7 24. Nbd2 h6 25. g3 g5 26. Bxd6 Rxe1+ 27.
Nxe1 cxd6 28. fxg5 hxg5 29. g4 c5 30. Nef3 Rg7 31. Nf1 Kc6 32. Ne3 Re7 33. Kf2
d4 34. Nf5 Re4 35. h3 Rf4 36. Kg3 a5 37. Nxg5 Rf1 38. Nf3 Rc1 39. g5 Rxc2 40.
N5xd4+ 1-0

[Event "21. Torneo San Viator 2013"]
[Site "Madrid ESP"]
[Date "2013.10.12"]
[Round "3.19"]
[White "Martin Mazuelo, Miguel"]
[Black "Morona Minguez, Miguel"]
[Result "1-0"]
[WhiteElo "1992"]
[BlackElo "1612"]
[PlyCount "39"]
[EventDate "2013.09.29"]
[EventType "swiss"]
[EventRounds "9"]
[EventCountry "ESP"]
[SourceTitle "Ajedrez en Madrid"]
[Source "lmi"]
[SourceDate "2013.09.29"]
[SourceVersion "1"]
[SourceVersionDate "2013.12.25"]
[SourceQuality "1"]

1. e4 e5 2. Bc4 Nc6 3. Nf3 Be7 4. d4 exd4 5. c3 dxc3 6. Qd5 Nh6 7. Bxh6 O-O 8.
Bc1 Nb4 9. Qh5 g6 10. Qh6 Kh8 11. Na3 d5 12. exd5 Nxd5 13. O-O Bxa3 14. bxa3
Nf6 15. Be3 Ng4 16. Bd4+ f6 17. Qh4 Qd6 18. Bxc3 Ne5 19. Nxe5 fxe5 20. Rad1 1-0

[Event "21. Torneo San Viator 2013"]
[Site "Madrid ESP"]
[Date "2013.10.12"]
[Round "3.20"]
[White "Soto Martin, Miguel"]
[Black "Rosa Ramirez, Victor D"]
[Result "0-1"]
[WhiteElo "1588"]
[BlackElo "1991"]
[PlyCount "56"]
[EventDate "2013.09.29"]
[EventType "swiss"]
[EventRounds "9"]
[EventCountry "ESP"]
[SourceTitle "Ajedrez en Madrid"]
[Source "lmi"]
[SourceDate "2013.09.29"]
[SourceVersion "1"]
[SourceVersionDate "2013.12.25"]
[SourceQuality "1"]

1. d4 e6 2. Nf3 d5 3. c4 c6 4. e3 f5 5. Bd3 Nf6 6. O-O Bd6 7. b3 Qe7 8. Bb2 O-O
9. Qc1 b6 10. Ba3 c5 11. Qc2 Bb7 12. Ne5 Kh8 13. cxd5 Bxd5 14. Nc4 Bxh2+ 15.
Kxh2 Ng4+ 16. Kg3 Qg5 17. f4 Qh5 18. e4 Qh2+ 19. Kf3 fxe4+ 20. Bxe4 Qxf4+ 21.
Ke2 Qxf1+ 22. Kd2 Rf2+ 23. Kc3 Rxc2+ 24. Bxc2 cxd4+ 25. Kb2 Qxg2 26. Nbd2 Bxc4
27. Nxc4 d3 28. Rd1 Qxc2+ 0-1